| Tag |
First Indicator |
Second Indicator |
Subfields |
| LEADER |
00000pam a2200000 a 4500 |
| 001 |
in00000085883 |
| 005 |
20151008064333.0 |
| 008 |
810423s1981 nyu b 00110 eng |
| 010 |
|
|
|a 81005664
|
| 020 |
|
|
|a 0312468903 :
|c $25.00
|
| 035 |
|
|
|a (OCoLC)07462990
|
| 035 |
|
|
|9 AAK3991AM
|
| 039 |
0 |
|
|a 2
|b 3
|c 3
|d 3
|e 3
|
| 040 |
|
|
|a DLC
|c DLC
|d TXA
|d UtOrBLW
|
| 049 |
|
|
|a TXAM
|c [387843]
|
| 050 |
0 |
0 |
|a P106
|b .H333 1981
|
| 082 |
0 |
|
|a 401
|2 19
|
| 100 |
1 |
|
|a Harris, Roy,
|d 1931-
|
| 245 |
1 |
4 |
|a The language myth /
|c Roy Harris.
|
| 264 |
|
1 |
|a New York :
|b St. Martin's Press,
|c 1981.
|
| 300 |
|
|
|a 212 pages ;
|c 23 cm.
|
| 336 |
|
|
|a text
|b txt
|2 rdacontent
|
| 337 |
|
|
|a unmediated
|b n
|2 rdamedia
|
| 338 |
|
|
|a volume
|b nc
|2 rdacarrier
|
| 500 |
|
|
|a Includes index.
|
| 504 |
|
|
|a Bibliography: pages [205]-208.
|
| 650 |
|
0 |
|a Language and languages.
|
| 999 |
|
|
|a MARS
|
| 999 |
f |
f |
|s 6d28cecf-ca0a-3d07-aa04-d3eca029ef26
|i 0b3ebca9-50b3-3f02-a0cc-1276e2e3409f
|t 0
|
| 952 |
f |
f |
|p ric
|a Texas A&M University
|b Rellis Campus
|c Joint Library Facility
|s JLF
|d Remote Storage
|t 0
|e P106 .H333 1981
|h Library of Congress classification
|i unmediated -- volume
|m A14806172080
|
| 998 |
f |
f |
|a P106 .H333 1981
|t 0
|l Remote Storage
|